[Event "TUR Cup"]
[Site "Antalya"]
[Date "2019.01.31"]
[Round "7"]
[White "Araboga, Nizamettin"]
[Black "Bek, Emir"]
[Result "1-0"]
[WhiteElo "1670"]
[BlackElo "1844"]
[PlyCount "67"]
[EventDate "2019.01.27"]
[EventType "swiss"]
[EventRounds "11"]
[EventCountry "TUR"]
[SourceTitle "CBM 188 Extra"]
[Source "ChessBase"]
[SourceDate "2019.02.26"]
[SourceVersion "1"]
[SourceVersionDate "2019.02.26"]
[SourceQuality "1"]

1. Nf3 d5 2. d4 Nf6 3. c4 e6 4. e3 Nbd7 5. Bd3 a6 6. b3 Bd6 7. Bb2 c6 8. Nbd2 0-0 9. Qc2 h6 10. e4 dxe4 11. Nxe4 Nxe4 12. Bxe4 Nf6 13. Bd3 Qa5+ 14. Nd2 e5 15. c5 e4 16. Be2 Bf5 17. Bc3 e3 18. fxe3 Bxc2 19. Bxa5 Be7 20. Bf3 Rfe8 21. Kf2 g5 22. h3 Bg6 23. Rae1 h5 24. g4 hxg4 25. hxg4 Bd8 26. Bc3 Bc7 27. Rh3 Kg7 28. e4 Rad8 29. e5 Nd5 30. Bxd5 cxd5 31. Nf3 f6 32. exf6+ Kxf6 33. Bd2 Rxe1 34. Bxg5+ 1-0

[Event "TUR Cup"]
[Site "Antalya"]
[Date "2019.01.30"]
[Round "6"]
[White "Turan, Fatih"]
[Black "Araboga, Nizamettin"]
[Result "0-1"]
[WhiteElo "1251"]
[BlackElo "1670"]
[PlyCount "82"]
[EventDate "2019.01.27"]
[EventType "swiss"]
[EventRounds "11"]
[EventCountry "TUR"]
[SourceTitle "CBM 188 Extra"]
[Source "ChessBase"]
[SourceDate "2019.02.26"]
[SourceVersion "1"]
[SourceVersionDate "2019.02.26"]
[SourceQuality "1"]

1. e4 c5 2. Nf3 d6 3. d4 cxd4 4. Nxd4 Nf6 5. Nc3 a6 6. Bg5 e5 7. Nf5 Bxf5 8. exf5 Be7 9. Qd2 Nbd7 10. 0-0-0 0-0 11. Kb1 Rc8 12. f3 b5 13. h4 Qc7 14. g4 Rfd8 15. Bxf6 Nxf6 16. g5 Nh5 17. Nd5 Qa7 18. Bh3 f6 19. Bg4 Nf4 20. gxf6 Bxf6 21. Rhg1 Nxd5 22. Qxd5+ Qf7 23. Qd2 d5 24. h5 h6 25. f4 e4 26. Be2 Kh8 27. Rg6 Rc6 28. Rdg1 Rdc8 29. c3 Rd8 30. Bd1 a5 31. Bc2 a4 32. a3 Rdc8 33. Qe2 Qd7 34. Qg4 Qe7 35. Qe2 Rb8 36. Rd1 Qd7 37. Qg4 Re8 38. Qh3 d4 39. cxd4 Bxd4 40. Rdg1 e3 41. Re1 e2 0-1

[Event "TUR Cup"]
[Site "Antalya"]
[Date "2019.01.28"]
[Round "3"]
[White "Ozsakallioglu, Okan"]
[Black "Araboga, Nizamettin"]
[Result "1-0"]
[WhiteElo "2051"]
[BlackElo "1670"]
[PlyCount "59"]
[EventDate "2019.01.27"]
[EventType "swiss"]
[EventRounds "11"]
[EventCountry "TUR"]
[SourceTitle "CBM 188 Extra"]
[Source "ChessBase"]
[SourceDate "2019.02.26"]
[SourceVersion "1"]
[SourceVersionDate "2019.02.26"]
[SourceQuality "1"]

1. e4 d5 2. exd5 e6 3. dxe6 Bxe6 4. d4 Nf6 5. Nf3 Be7 6. Be2 0-0 7. 0-0 h6 8. c4 c6 9. Nc3 Na6 10. a3 Nc7 11. Bf4 Bd6 12. Ne5 Re8 13. Re1 Rc8 14. Qb3 Rb8 15. Rad1 Bf8 16. Qc2 Qc8 17. Bf3 Rd8 18. b4 a6 19. Qb3 Ra8 20. Na4 Qb8 21. Nb6 Ra7 22. d5 cxd5 23. cxd5 Bf5 24. Nxf7 Kxf7 25. Bxc7 Bd6 26. Bxb8 Rxb8 27. Nc4 Rd8 28. Nxd6+ Rxd6 29. Qe3 b6 30. Qf4 1-0

[Event "TUR-chT2"]
[Site "Konya"]
[Date "2018.07.13"]
[Round "6.20"]
[White "Aksu, Savas"]
[Black "Araboga, Nizamettin"]
[Result "1-0"]
[WhiteElo "1629"]
[BlackElo "1672"]
[PlyCount "55"]
[EventDate "2018.07.10"]
[EventType "team-swiss"]
[EventRounds "9"]
[EventCountry "TUR"]
[SourceTitle "EXT 2019"]
[Source "ChessBase"]
[SourceDate "2018.10.10"]
[SourceVersion "1"]
[SourceVersionDate "2018.10.10"]
[SourceQuality "1"]
[WhiteTeam "Edeler Gorme"]
[BlackTeam "Bitlis Genclik"]
[WhiteTeamCountry "TUR"]
[BlackTeamCountry "TUR"]

1. e4 e5 2. Nf3 Nc6 3. d4 exd4 4. Bc4 d6 5. 0-0 Nf6 6. Ng5 Ne5 7. Qxd4 h6 8. Nf3 Nxf3+ 9. gxf3 Qd7 10. e5 dxe5 11. Qxe5+ Be7 12. Re1 Kf8 13. Be3 Bd6 14. Bc5 Kg8 15. Bxd6 cxd6 16. Qe7 d5 17. Bd3 Qxe7 18. Rxe7 Bd7 19. Nc3 Bc6 20. Rae1 Kf8 21. b4 Ne4 22. fxe4 dxe4 23. Bxe4 Kxe7 24. Bxc6+ Kd6 25. Bg2 Rae8 26. Nb5+ Kd7 27. Rd1+ Ke7 28. Nc7 1-0

[Event "TUR-chT2"]
[Site "Konya"]
[Date "2018.07.10"]
[Round "1.4"]
[White "Celebi, Orhan"]
[Black "Araboga, Nizamettin"]
[Result "1-0"]
[WhiteElo "1877"]
[BlackElo "1672"]
[PlyCount "45"]
[EventDate "2018.07.10"]
[EventType "team-swiss"]
[EventRounds "9"]
[EventCountry "TUR"]
[SourceTitle "EXT 2019"]
[Source "ChessBase"]
[SourceDate "2018.10.10"]
[SourceVersion "1"]
[SourceVersionDate "2018.10.10"]
[SourceQuality "1"]
[WhiteTeam "Siirt Cedid"]
[BlackTeam "Bitlis Genclik"]
[WhiteTeamCountry "TUR"]
[BlackTeamCountry "TUR"]

1. e4 g6 2. d4 Bg7 3. Nf3 c5 4. Nc3 cxd4 5. Nxd4 Nc6 6. Be3 a6 7. Be2 Qc7 8. 0-0 e6 9. Qd2 h5 10. f4 Nge7 11. f5 gxf5 12. exf5 Be5 13. fxe6 dxe6 14. h3 b5 15. Nxc6 Nxc6 16. Ne4 Bb7 17. Nf6+ Bxf6 18. Rxf6 Rg8 19. Bxh5 Ne5 20. Rxe6+ Kf8 21. Bh6+ Rg7 22. Bxg7+ Kg8 23. Bxe5 1-0

[Event "TUR Cup										"]
[Site "Antalya"]
[Date "2018.02.02"]
[Round "10"]
[White "Araboga, Nizamettin"]
[Black "Altay, Servet Hakan"]
[Result "1-0"]
[WhiteElo "1663"]
[BlackElo "1343"]
[PlyCount "32"]
[EventDate "2018.01.27"]
[EventType "swiss"]
[EventRounds "11"]
[EventCountry "TUR"]
[SourceTitle "CBM 182 Extra"]
[Source "ChessBase"]
[SourceDate "2018.02.23"]
[SourceVersion "1"]
[SourceVersionDate "2018.02.23"]
[SourceQuality "1"]

1. e4 e5 2. Nf3 Nc6 3. Bc4 Bc5 4. 0-0 Nf6 5. d3 h6 6. c3 d5 7. exd5 Nxd5 8. b4 Ndxb4 9. cxb4 Bd4 10. Qb3 Bxa1 11. Bxf7+ Kf8 12. b5 Ne7 13. Ba3 g5 14. Bg6 Rh7 15. Bxh7 Kg7 16. Bxe7 Qxe7 1-0

[Event "TUR Cup										"]
[Site "Antalya"]
[Date "2018.02.01"]
[Round "9"]
[White "Ozel, Suha"]
[Black "Araboga, Nizamettin"]
[Result "1-0"]
[WhiteElo "1502"]
[BlackElo "1663"]
[PlyCount "83"]
[EventDate "2018.01.27"]
[EventType "swiss"]
[EventRounds "11"]
[EventCountry "TUR"]
[SourceTitle "CBM 182 Extra"]
[Source "ChessBase"]
[SourceDate "2018.02.23"]
[SourceVersion "1"]
[SourceVersionDate "2018.02.23"]
[SourceQuality "1"]

1. e4 e5 2. Nf3 Nc6 3. Bc4 h6 4. d4 Bd6 5. dxe5 Nxe5 6. Nxe5 Bxe5 7. Bxf7+ Kf8 8. Bb3 Nf6 9. 0-0 d5 10. f4 Bd6 11. exd5 Bg4 12. Qd4 Qe7 13. Re1 b6 14. Kh1 Bc5 15. Qc4 Bf5 16. Bd2 Ng4 17. Bb4 Qd6 18. Bxc5 bxc5 19. h3 h5 20. Nc3 Nf2+ 21. Kg1 Nxh3+ 22. gxh3 Qg6+ 23. Kh2 Bxh3 24. Rg1 Bg4 25. Qxc5+ Kg8 26. d6+ Kh7 27. Rxg4 Qxg4 28. Qg5 Qxg5 29. fxg5 cxd6 30. Rd1 Rad8 31. Kg3 Rhe8 32. Nd5 Re5 33. Kh4 g6 34. Nf6+ Kg7 35. Rd4 Re2 36. Rb4 Re7 37. Kg3 Rf8 38. Rd4 Rd8 39. Kf4 Re1 40. Rb4 Rf1+ 41. Ke4 Rxf6 42. Rb7+ 1-0

[Event "TUR Cup										"]
[Site "Antalya"]
[Date "2018.01.31"]
[Round "7"]
[White "Bekiragaoglu, Umut"]
[Black "Araboga, Nizamettin"]
[Result "1/2-1/2"]
[WhiteElo "1753"]
[BlackElo "1663"]
[PlyCount "88"]
[EventDate "2018.01.27"]
[EventType "swiss"]
[EventRounds "11"]
[EventCountry "TUR"]
[SourceTitle "CBM 182 Extra"]
[Source "ChessBase"]
[SourceDate "2018.02.23"]
[SourceVersion "1"]
[SourceVersionDate "2018.02.23"]
[SourceQuality "1"]

1. e4 e5 2. Nf3 Nc6 3. Nc3 Nf6 4. Be2 d6 5. d4 Bg4 6. Be3 Bxf3 7. Bxf3 Be7 8. d5 Nb8 9. Qd2 0-0 10. Ne2 Nbd7 11. g4 Nc5 12. Ng3 a5 13. h4 c6 14. g5 Nfd7 15. dxc6 bxc6 16. Rd1 Nb6 17. b3 Qc7 18. Qc3 Rfd8 19. Nf5 Bf8 20. Bxc5 dxc5 21. 0-0 a4 22. Be2 axb3 23. axb3 g6 24. Ng3 Rd4 25. Bd3 Qd7 26. Kg2 Qg4 27. Rh1 Rad8 28. Be2 Qd7 29. Qf3 Na8 30. c3 Rxd1 31. Rxd1 Qe8 32. Rxd8 Qxd8 33. Qd3 Qxd3 34. Bxd3 Nc7 35. Bc4 Kg7 36. Nf1 f6 37. Kg3 fxg5 38. hxg5 Be7 39. f4 exf4+ 40. Kxf4 h6 41. gxh6+ Kxh6 42. Ng3 Bg5+ 43. Kg4 Bf6 44. Ne2 Be5 1/2-1/2

[Event "TUR Cup										"]
[Site "Antalya"]
[Date "2018.01.30"]
[Round "5"]
[White "Araboga, Nizamettin"]
[Black "Kahraman, Yusuf"]
[Result "1/2-1/2"]
[WhiteElo "1663"]
[BlackElo "1498"]
[PlyCount "54"]
[EventDate "2018.01.27"]
[EventType "swiss"]
[EventRounds "11"]
[EventCountry "TUR"]
[SourceTitle "CBM 182 Extra"]
[Source "ChessBase"]
[SourceDate "2018.02.23"]
[SourceVersion "1"]
[SourceVersionDate "2018.02.23"]
[SourceQuality "1"]

1. e4 e5 2. Nf3 Nc6 3. Bc4 Bc5 4. 0-0 Nf6 5. Nc3 0-0 6. d3 h6 7. h3 d6 8. a3 a6 9. Be3 Bxe3 10. fxe3 Be6 11. Bd5 Bxd5 12. exd5 Ne7 13. e4 c6 14. Nh4 Qb6+ 15. Kh2 Nh7 16. dxc6 bxc6 17. b3 Qc7 18. Ne2 Qd7 19. Ng3 g6 20. Qd2 Kg7 21. Rf2 Ng5 22. Raf1 f6 23. Qa5 Qb7 24. a4 Rab8 25. Qd2 Qd7 26. Qc3 Qa7 27. Qd2 Qd7 1/2-1/2

[Event "TUR Cup										"]
[Site "Antalya"]
[Date "2018.01.30"]
[Round "6"]
[White "Tasdemir, Burhan"]
[Black "Araboga, Nizamettin"]
[Result "0-1"]
[WhiteElo "1461"]
[BlackElo "1663"]
[PlyCount "145"]
[EventDate "2018.01.27"]
[EventType "swiss"]
[EventRounds "11"]
[EventCountry "TUR"]
[SourceTitle "CBM 182 Extra"]
[Source "ChessBase"]
[SourceDate "2018.02.23"]
[SourceVersion "1"]
[SourceVersionDate "2018.02.23"]
[SourceQuality "1"]

1. e4 e5 2. Nf3 Nc6 3. Bb5 a6 4. Ba4 Bc5 5. c3 b5 6. Bb3 d6 7. d4 exd4 8. cxd4 Bb6 9. 0-0 Na5 10. Bc2 Bg4 11. Be3 Nc4 12. Bb3 Na5 13. Bc2 Qd7 14. Nbd2 Ne7 15. Re1 0-0 16. Rc1 Rfe8 17. Bd3 Rac8 18. h3 Bh5 19. Kh2 Bxf3 20. Qxf3 c5 21. d5 Ng6 22. Bb1 Ne5 23. Qg3 Nac4 24. Bh6 f6 25. Nxc4 Nxc4 26. b3 Ne5 27. Be3 Ba7 28. h4 Ng4+ 29. Kg1 Nxe3 30. Rxe3 c4 31. Rf3 Qe7 32. Rfc3 Bd4 33. R3c2 c3 34. Re2 Rc7 35. Bc2 Rec8 36. b4 Qe5 37. Qd3 Rc4 38. a3 Ba7 39. Qh3 g6 40. Bd3 R4c7 41. Rcc2 Qe8 42. Kh1 Qd7 43. Qg3 Bd4 44. f4 Kh8 45. Re1 Rg8 46. Rf1 Qg7 47. Qf3 Qh6 48. g3 g5 49. Rh2 gxf4 50. Qxf4 Qxf4 51. gxf4 Rcg7 52. Rh3 Rg2 53. e5 fxe5 54. fxe5 dxe5 55. Rhf3 Rg1+ 56. Rxg1 Rxg1+ 57. Kh2 Rd1 58. d6 Bb6 59. h5 c2 60. Bxc2 Rd2+ 61. Kh3 Rxc2 62. d7 Rd2 63. h6 Kg8 64. Rg3+ Kf7 65. Rg7+ Ke6 66. Rxh7 e4 67. Rg7 Kf6 68. Rg4 Rxd7 69. Rxe4 Rh7 70. Kg4 Rxh6 71. Rf4+ Ke5 72. Rf8 Ke4 73. Rg8 0-1

[Event "TUR-chT2"]
[Site "Konya"]
[Date "2017.07.15"]
[Round "9.17"]
[White "Araboga, Nizamettin"]
[Black "Peker, Yavuz Selim"]
[Result "1-0"]
[WhiteElo "1653"]
[BlackElo "1427"]
[PlyCount "67"]
[EventDate "2017.07.09"]
[EventType "team-swiss"]
[EventRounds "9"]
[EventCountry "TUR"]
[SourceTitle "CBM 179 Extra"]
[Source "ChessBase"]
[SourceDate "2017.08.23"]
[SourceVersion "1"]
[SourceVersionDate "2017.08.23"]
[SourceQuality "1"]
[WhiteTeam "Genclik Bitlis"]
[BlackTeam "Edeler Gorme"]
[WhiteTeamCountry "TUR"]
[BlackTeamCountry "TUR"]

1. g3 d5 2. Bg2 e5 3. e3 Nc6 4. b3 Be6 5. Bb2 Qd7 6. Ne2 0-0-0 7. 0-0 Bh3 8. d4 Bxg2 9. Kxg2 e4 10. a3 Bd6 11. c4 Nf6 12. c5 Be7 13. b4 a6 14. Nd2 g5 15. Qa4 h5 16. b5 axb5 17. Qxb5 h4 18. Rh1 Qg4 19. h3 Qe6 20. g4 Nxg4 21. hxg4 Qxg4+ 22. Kf1 h3 23. Rh2 f5 24. Bc3 f4 25. Rb1 Kd7 26. Nxe4 fxe3 27. N4g3 Rdf8 28. Be1 Rf3 29. Qb3 Rhf8 30. Qxd5+ Kc8 31. Qe4 Rxg3 32. Nxg3 Qxg3 33. Qe6+ Kb8 34. Qxc6 1-0

[Event "TUR-chT2"]
[Site "Konya"]
[Date "2017.07.10"]
[Round "2.19"]
[White "Nailer, Ali"]
[Black "Araboga, Nizamettin"]
[Result "0-1"]
[WhiteElo "1791"]
[BlackElo "1653"]
[PlyCount "76"]
[EventDate "2017.07.09"]
[EventType "team-swiss"]
[EventRounds "9"]
[EventCountry "TUR"]
[SourceTitle "CBM 179 Extra"]
[Source "ChessBase"]
[SourceDate "2017.08.23"]
[SourceVersion "1"]
[SourceVersionDate "2017.08.23"]
[SourceQuality "1"]
[WhiteTeam "Altin Piyon"]
[BlackTeam "Genclik Bitlis"]
[WhiteTeamCountry "TUR"]
[BlackTeamCountry "TUR"]

1. c4 f5 2. g3 Nf6 3. Bg2 e5 4. d3 Bc5 5. Nc3 a6 6. e3 0-0 7. Nge2 Nc6 8. 0-0 d6 9. a3 Ng4 10. h3 Nh6 11. b4 Ba7 12. Nd5 Ne7 13. Nxe7+ Qxe7 14. Bb2 c6 15. Qc2 Bd7 16. Bc3 g5 17. d4 f4 18. exf4 gxf4 19. gxf4 exf4 20. f3 Qh4 21. Kh2 Bf5 22. Qd2 Bg6 23. Qd1 Qg5 24. Rg1 Rae8 25. Qe1 Nf5 26. Bf1 Qh6 27. Bd2 Rxe2+ 28. Qxe2 Bxd4 29. Qe6+ Rf7 30. Qe8+ Qf8 31. Qxf8+ Kxf8 32. Bd3 Bxa1 33. Rxa1 Ne3 34. Bxg6 hxg6 35. Bxe3 fxe3 36. Kg3 g5 37. Re1 Rf4 38. Rxe3 Rxc4 0-1

[Event "TUR Cup"]
[Site "Antalya"]
[Date "2017.02.04"]
[Round "11"]
[White "Araboga, Nizamettin"]
[Black "Koker, Turan Sevki"]
[Result "0-1"]
[WhiteElo "1638"]
[BlackElo "1785"]
[PlyCount "38"]
[EventDate "2017.01.28"]
[EventType "swiss"]
[EventRounds "11"]
[EventCountry "TUR"]
[SourceTitle "EXT 2018"]
[Source "ChessBase"]
[SourceDate "2017.10.13"]
[SourceVersion "1"]
[SourceVersionDate "2017.10.13"]
[SourceQuality "1"]

1. e4 e5 2. Nf3 Nc6 3. Bb5 a6 4. Bxc6 dxc6 5. h3 f6 6. d3 Be6 7. 0-0 Qd7 8. Nc3 0-0-0 9. Be3 g5 10. Nh2 h5 11. a4 g4 12. h4 Ne7 13. g3 f5 14. Bg5 f4 15. gxf4 exf4 16. Bxf4 Ng6 17. Bg3 Be7 18. b4 Bxh4 19. Ne2 Rhg8 0-1

[Event "TUR Cup"]
[Site "Antalya"]
[Date "2017.02.03"]
[Round "10"]
[White "Araboga, Nizamettin"]
[Black "Bori, Ekin Sukru"]
[Result "1-0"]
[WhiteElo "1638"]
[BlackElo "1596"]
[PlyCount "127"]
[EventDate "2017.01.28"]
[EventType "swiss"]
[EventRounds "11"]
[EventCountry "TUR"]
[SourceTitle "CBM 176 Extra"]
[Source "ChessBase"]
[SourceDate "2017.03.02"]
[SourceVersion "1"]
[SourceVersionDate "2017.03.02"]
[SourceQuality "1"]

1. e4 c5 2. Nf3 d6 3. Nc3 Nf6 4. h3 a6 5. Be2 Nc6 6. 0-0 b5 7. a3 b4 8. axb4 cxb4 9. Nd5 Nxe4 10. Bb5 Bd7 11. Bxc6 Bxc6 12. Nxb4 Bb7 13. d4 a5 14. Nd3 e6 15. c3 Qc7 16. Re1 Be7 17. Nh2 0-0 18. Bf4 Qc6 19. f3 Nf6 20. Bg5 Nd5 21. Bxe7 Nxe7 22. Ra3 Rfb8 23. Qd2 Qb6 24. Nf2 Bd5 25. Rb1 Bb3 26. Nhg4 Nf5 27. Rba1 a4 28. Qg5 h6 29. Qd2 Rc8 30. Kh2 h5 31. Ne3 Nxe3 32. Qxe3 e5 33. Ne4 exd4 34. cxd4 Re8 35. Qd3 Qc7 36. d5 Bc2 37. Qc3 Qxc3 38. Nxc3 Re5 39. b3 Re3 40. bxa4 Kf8 41. a5 Ke7 42. Ne4 Rxa3 43. Rxa3 Bxe4 44. fxe4 Kf6 45. Kg3 Ke5 46. Kf3 g5 47. g4 hxg4+ 48. hxg4 Rh8 49. Ra4 Ra8 50. Ke3 Kf6 51. Kd4 Ke7 52. e5 Kd7 53. Ke4 Ke7 54. Kf5 dxe5 55. Kxe5 f6+ 56. Kf5 Kd6 57. Ra3 Ke7 58. Ra1 Kd6 59. Kxf6 Kxd5 60. Kxg5 Ke6 61. Kh6 Kf7 62. g5 Kg8 63. g6 Kh8 64. Rb1 1-0

[Event "TUR Cup"]
[Site "Antalya"]
[Date "2017.02.02"]
[Round "8"]
[White "Araboga, Nizamettin"]
[Black "Tekin, Muhammed Rasit"]
[Result "1-0"]
[WhiteElo "1638"]
[BlackElo "1186"]
[PlyCount "69"]
[EventDate "2017.01.28"]
[EventType "swiss"]
[EventRounds "11"]
[EventCountry "TUR"]
[SourceTitle "CBM 176 Extra"]
[Source "ChessBase"]
[SourceDate "2017.03.02"]
[SourceVersion "1"]
[SourceVersionDate "2017.03.02"]
[SourceQuality "1"]

1. e4 d5 2. exd5 Nf6 3. Nf3 Nxd5 4. d4 Bg4 5. Be2 e6 6. 0-0 c5 7. h3 Bh5 8. Re1 cxd4 9. Qxd4 Nc6 10. Qa4 Bc5 11. Na3 Qb6 12. Qh4 Bg6 13. Nc4 Qd8 14. Qg3 0-0 15. c3 Qc7 16. Qxc7 Nxc7 17. Be3 Bxe3 18. Nxe3 Rad8 19. Rad1 Be4 20. Kf1 Nd5 21. Nxd5 Bxd5 22. b3 Be4 23. Rxd8 Rxd8 24. Rd1 Rxd1+ 25. Bxd1 Bxf3 26. Bxf3 Kf8 27. Bxc6 bxc6 28. Ke1 Ke7 29. Ke2 Kd6 30. Kd3 Kc5 31. Ke4 a5 32. Ke5 h6 33. a4 Kb6 34. Kd6 c5 35. c4 1-0

[Event "TUR Cup"]
[Site "Antalya"]
[Date "2017.01.31"]
[Round "6"]
[White "Araboga, Nizamettin"]
[Black "Eryigit, Cengiz"]
[Result "1-0"]
[WhiteElo "1638"]
[BlackElo "1196"]
[PlyCount "41"]
[EventDate "2017.01.28"]
[EventType "swiss"]
[EventRounds "11"]
[EventCountry "TUR"]
[SourceTitle "CBM 176 Extra"]
[Source "ChessBase"]
[SourceDate "2017.03.02"]
[SourceVersion "1"]
[SourceVersionDate "2017.03.02"]
[SourceQuality "1"]

1. e4 e5 2. Nf3 Nc6 3. Bb5 a6 4. Bxc6 bxc6 5. d4 exd4 6. Nxd4 Bc5 7. 0-0 d6 8. Nc3 Ne7 9. Bg5 f6 10. Be3 0-0 11. Qd2 Bxd4 12. Bxd4 c5 13. Be3 Rb8 14. b3 c6 15. Rad1 Be6 16. Qxd6 Qxd6 17. Rxd6 Bf7 18. Bxc5 Nd5 19. exd5 Bxd5 20. Nxd5 cxd5 21. Rxd5 1-0

[Event "TUR Cup"]
[Site "Antalya"]
[Date "2017.01.29"]
[Round "3"]
[White "Bal, Enes Emre"]
[Black "Araboga, Nizamettin"]
[Result "1-0"]
[WhiteElo "1936"]
[BlackElo "1638"]
[PlyCount "67"]
[EventDate "2017.01.28"]
[EventType "swiss"]
[EventRounds "11"]
[EventCountry "TUR"]
[SourceTitle "CBM 176 Extra"]
[Source "ChessBase"]
[SourceDate "2017.03.02"]
[SourceVersion "1"]
[SourceVersionDate "2017.03.02"]
[SourceQuality "1"]

1. d4 g6 2. e4 Bg7 3. Nc3 d6 4. Be3 Nd7 5. Qd2 b6 6. h4 h5 7. Nh3 Bb7 8. Ng5 Nh6 9. f3 a6 10. Ne2 c5 11. c3 Qc7 12. Nf4 Nf8 13. d5 b5 14. Be2 Bc8 15. a4 b4 16. cxb4 cxb4 17. Rc1 Qb7 18. 0-0 Bd7 19. a5 Be5 20. Ngh3 f5 21. Bb6 fxe4 22. fxe4 Ng4 23. Rc7 Qb8 24. Ng5 Nf6 25. Nfe6 Bxe6 26. dxe6 N8h7 27. Bd1 Kf8 28. Nf7 Rg8 29. Nxe5 dxe5 30. Qh6+ Rg7 31. Rxe7 Kxe7 32. Qxg7+ Kxe6 33. Bb3+ Kd6 34. Rxf6+ 1-0